000 00639nam a2200217Ia 4500
003 IN-BaIIA
008 211028s9999 xx 000 0 eng d
020 _a3-540-05314-X
040 _cIIA Library
080 _a048.1:52/70-3
245 0 _aAstronomy and astrophysics abstracts
_bvol. 3
_cedited by S. Bohme... [et al.]
260 _aBerlin
_bSpringer-Verlag
_c1970
300 _a490p.
650 _aAstrophysics Abstracts
_96683
650 _astronomy Abstracts
_96684
700 _aBohme, S., ed.
_96427
700 _aFricke, W., ed.
_96053
700 _aGuntzel-Lingner, U., ed.
_96054
700 _aHenn, F., ed.
_96055
942 _cBK
999 _c3757
_d3757